| 000 | 01490nam a2200241Ia 4500 | ||
|---|---|---|---|
| 003 | Ost | ||
| 005 | 20260507074917.0 | ||
| 008 | 260507s9999||||xx |||||||||||||| ||und|| | ||
| 020 | _a32001299579 | ||
| 040 | _cfsecg | ||
| 041 | _aara | ||
| 082 | _a658.8 | ||
| 100 |
_aالزعبي، علي فلاح _eمؤلف |
||
| 245 | 0 |
_aإدارة المبيعات : _bمنظور تطبيقي وظيفي / _c علي فلاح الزعبي |
|
| 260 |
_aعمان: _bدار اليازوري, _c2009 |
||
| 300 |
_a400 صفحة؛ _bإيضاحات ؛ _c25 سم |
||
| 504 | _aببليوغرافيا: ص.397 | ||
| 520 | _aادارة التسويق والمبيعات/المفهوم والأبعاد، الادارة الذاتية لرجل البيع المعاصر/العالي، مهارات رجل البيع، البيع الشخصي، استراتيجية البيع الفعال، استراتيجية تطوير العملاء، استراتيجية ادارة وتحديد المناطق البيعية، الرسالة البيعية، طرق العرض البيعي، تأمين عملية التغذية العكسية، الرد على استعراضات العملاء والجمهور، الاتصالات مع العملاء والجمهور، أساليب وطرق التنبؤ بالمبيعات، الأبعاد القانونية والأخلاقية للبيع | ||
| 653 | _aالادارة | ||
| 653 | _aالاستراتيجية | ||
| 653 | _aالمبيعات | ||
| 942 | _cكتاب | ||
| 999 |
_c41776 _d41776 |
||